[Event "EWCCC Online Final 2020"]
[Site "Online"]
[Date "2020.12.21"]
[Round "9.4"]
[White "Muzychuk, Mariya"]
[Black "Papp, Petra"]
[Result "1/2-1/2"]
[WhiteElo "2544"]
[BlackElo "2336"]
[Annotator "TA"]
[PlyCount "79"]
[EventDate "2020.12.19"]
[EventType "team-tourn"]
[EventCountry "NET"]
[SourceTitle "playchess.com"]
[Source "ChessBase"]
[SourceQuality "1"]

{[%evp 14,79,18,23,25,24,44,20,18,13,20,14,31,0,18,28,29,-38,0,0,0,0,0,-40,0,-40,0,-57,-57,-64,-41,-53,-40,-43,-34,-43,-9,-20,-34,-21,0,0,0,-24,0,0,0,0,0,-39,0,-4,0,0,37,0,3,0,4,0,0,0,62,0,15,0,57,0]} 1. e4 c6 2. d4 d5 3. Nc3 dxe4 4. Nxe4 Nf6 5. Nxf6+ exf6 6. c3 Bd6 7. Bd3 O-O 8. Qc2 Re8+ {B15: Caro-Kann: 3 Nc3: 3...g6 and 3...dxe4 4 Nxe4 Nf6 5 Nxf6+ exf6.} 9. Ne2 h5 {9...h5 is better than 9...h6.} 10. Be3 (10. O-O {keeps more tension.} Qc7 11. h3 Be6 12. Bd2 Nd7 13. Rae1) 10... Nd7 {The position is equal.} 11. O-O-O Nf8 12. c4 Be6 13. Nc3 Rc8 14. Kb1 Ng6 15. Ne4 {[#]} ({Better is} 15. h3 $11) 15... Ne7 $146 (15... b5 $5) ({Predecessor:} 15... b5 16. Nc5 Bxc4 17. Bxc4 bxc4 18. Qxc4 Ne7 19. Bd2 Bxc5 20. dxc5 Qd7 21. f3 Nd5 {0-1 (36) Uzumcu,A (2201)-Korpa,B (2523) Paracin 2019}) 16. Nc5 Bxc5 17. dxc5 Qc7 18. h3 h4 19. Qc1 Qa5 20. g4 (20. Qd2 $11 Qxd2 21. Rxd2) 20... hxg3 $15 21. fxg3 Bf5 22. Qc2 Bxd3 23. Rxd3 Ng6 24. Rhd1 Ne5 25. Ra3 Qc7 $1 26. Rxa7 Nxc4 27. Bf4 Ne5 28. Ra4 {[%cal Ba7a4,Ba4d4,Bd4d7][%mdl 32]} b5 29. Rad4 Qa5 30. g4 Ra8 31. b3 Nf3 32. Rd7 Ne5 33. R7d6 Qb4 34. Bxe5 (34. Bd2 $5 {[%cal Rd2b4]} Qa3 35. g5 fxg5 36. Bxg5 $11) 34... fxe5 35. Rxc6 e4 {[#] ...e3 is the strong threat.} 36. Qd2 Qa3 $1 37. Qb2 Qb4 (37... Qa7 $11) 38. Qd2 Qa3 $1 39. Qb2 {aiming for Qxa3.} Qb4 {[#] Strongly threatening ...e3.} 40. Qd2 {Weighted Error Value: White=0.18/Black=0.14} (40. Qd4 $1 $14 Qxd4 41. Rxd4) 1/2-1/2

[Event "EWCCC Online Final 2020"]
[Site "Online"]
[Date "2020.12.21"]
[Round "9.4"]
[White "Buksa, Nataliya"]
[Black "Gara, Ticia"]
[Result "1/2-1/2"]
[WhiteElo "2413"]
[BlackElo "2383"]
[Annotator "TA"]
[PlyCount "148"]
[EventDate "2020.12.19"]
[EventType "team-tourn"]
[EventCountry "NET"]
[SourceTitle "playchess.com"]
[Source "ChessBase"]
[SourceQuality "1"]

{[%evp 12,148,21,25,34,12,29,16,14,8,16,7,8,-5,12,2,37,0,0,0,0,0,20,16,36,0,0,-4,0,0,0,-3,-14,-35,-5,-6,-6,-10,-5,-104,-104,-117,-122,-154,-165,-187,-199,-187,-171,-184,-172,-204,-229,-240,-222,-414,-417,-414,-406,-376,-270,-397,-380,-351,0,-312,0,-318,-307,-307,-269,-251,-197,-550,-545,-491,-491,-481,-443,-452,-441,-418,-156,-156,-156,-320,-41,-41,-41,-41,-41,-41,-41,-294,-268,-218,-47,-53,0,0,0,0,0,0,0,0,0,0,0,0,0,0,0,0,0,0,0,0,0,0,0,0,0,0,0,0,0,0,0,0,0,0,0,0,0,0,0,0,0]} 1. e4 e5 2. Nf3 Nf6 3. Nxe5 d6 4. Nf3 Nxe4 5. Qe2 Qe7 6. d3 Nf6 7. Nc3 c6 {C42: Petroff Defence: 3 Nxe5 and unusual White 3rd moves.} 8. d4 {[#]} Bg4 $146 ({Predecessor:} 8... a6 9. Ng5 Bf5 10. Be3 Ng4 11. Qf3 Nxe3 12. fxe3 Qxg5 13. Bd3 Bxd3 14. cxd3 Be7 15. O-O {0-1 (58) Tannebaum,G-Winkler,S Germany 1991}) 9. Bg5 (9. Be3 {feels hotter.} d5 10. h3 Be6 11. O-O-O Nbd7 12. Kb1) 9... Bxf3 10. gxf3 Qxe2+ 11. Bxe2 Nbd7 12. O-O-O h6 13. Bf4 O-O-O 14. Ne4 d5 15. Nd6+ Bxd6 16. Bxd6 Nb6 17. Be5 Nc4 18. Bxc4 dxc4 19. Rhg1 Rhg8 20. Bxf6 gxf6 $11 {[%mdl 4096] Endgame KRR-KRR} 21. c3 Rg5 22. Rg4 h5 23. Rxg5 fxg5 {KR-KR} 24. Re1 Rd5 25. Kd2 (25. Re8+ $1 $11 {remains equal.} Kd7 26. Rb8) 25... Kd7 $17 26. b4 Rf5 27. Ke2 Rf4 $1 28. Rg1 f6 $1 29. h3 Ke6 30. a4 Kd5 31. a5 Rh4 32. Rg3 b6 33. axb6 $2 (33. a6) 33... axb6 $19 34. Ke3 Ke6 35. Kd2 Kf5 36. Ke3 (36. Ke2 {was necessary.}) 36... Kg6 37. Ke2 Kf5 38. Ke3 Ke6 $2 (38... b5 $19 39. Ke2 Kg6) 39. Ke2 $2 {[%mdl 8192]} (39. Kd2 $1 $11 {and White is okay.}) 39... Kd6 40. Ke3 c5 41. dxc5+ bxc5 42. b5 $2 (42. bxc5+ {was the crucial defense.} Kxc5 43. Ke2) 42... Kc7 43. Ke2 Kb6 44. Rg1 Kxb5 45. Rd1 Rxh3 46. Rd6 Rh1 $2 (46... g4 $19 47. fxg4 hxg4) 47. Rxf6 $17 h4 48. Rg6 $2 {[#]} (48. f4 $17) 48... Rg1 $2 (48... h3 $1 $19 49. Rxg5 Rc1) 49. f4 $1 $15 h3 50. Rh6 gxf4 {Threatens to win with ...Rh1.} 51. Rxh3 Ka4 52. Kf3 $2 {[%mdl 8192]} (52. Kd2 $15) 52... Rf1 $19 53. Ke2 {[#]} Rc1 $2 (53... Rb1 $1 $19 54. Kf3 Rf1) 54. Kd2 $15 Rf1 ({Better is} 54... Ra1 $15 55. Rf3 Ra2+ 56. Kc1 Kb3 57. Rxf4 Rc2+ 58. Kd1 Rxc3) 55. Rf3 {The position is equal.} Kb3 56. Rxf4 Ra1 57. Rf5 Ra2+ 58. Ke3 Kxc3 {White must now prevent ...Kb4.} 59. Rxc5 Ra1 60. f4 Re1+ 61. Kf3 {Cut Off at move 61} Kd4 62. Rc8 c3 63. f5 Kd3 64. Rd8+ Kc2 65. Kf4 Kb2 66. Rb8+ Kc1 67. f6 c2 68. Kf5 Rf1+ 69. Ke6 Kd2 70. Rd8+ Ke2 71. Rc8 Kd2 72. f7 Rxf7 73. Kxf7 c1=Q 74. Rxc1 Kxc1 {Weighted Error Value: White=0.42/Black=0.39} 1/2-1/2

[Event "EWCCC Online Final 2020"]
[Site "Online"]
[Date "2020.12.21"]
[Round "9.4"]
[White "Gara, Anita"]
[Black "Muzychuk, Anna"]
[Result "1-0"]
[WhiteElo "2350"]
[BlackElo "2535"]
[Annotator "TA"]
[PlyCount "113"]
[EventDate "2020.12.19"]
[EventType "team-tourn"]
[EventCountry "NET"]
[SourceTitle "playchess.com"]
[Source "ChessBase"]
[SourceQuality "1"]

{[%evp 12,113,20,14,16,16,9,4,23,4,7,23,5,12,34,0,0,0,0,0,7,9,17,0,14,0,-5,-15,-17,-23,-23,-64,-64,-95,-63,-70,-29,-104,-103,-91,-84,-78,-65,-86,-96,-92,-97,-97,-97,-97,-84,-122,-80,-81,-81,-85,-69,-83,-48,-166,-80,-80,-80,-100,-88,-81,-81,-81,-81,-156,-154,-157,-151,-152,-121,-79,0,-141,-99,-95,-89,-167,-153,-154,-144,-152,1080,1215,29981,29982,29981,29982,29981,29982,29982,29984,29987,29988,29988,29989,29989,29990,29991,29992]} 1. e4 e5 2. Nf3 Nc6 3. Bb5 a6 4. Ba4 Nf6 5. Nc3 b5 6. Bb3 Bc5 7. d3 h6 {C77: Ruy Lopez: 3...a6 4 Ba4 Nf6, unusual lines.} 8. Nd5 d6 9. c3 Rb8 {The position is equal.} 10. O-O O-O 11. d4 Ba7 12. Be3 exd4 (12... Ng4 {is interesting.} 13. Qe1 Bb7 14. dxe5 Bxe3 15. Nxe3 Ncxe5 16. Nxe5 Nxe5 17. f3 Re8) 13. Nxd4 (13. cxd4 {keeps more tension.} Nxd5 14. Bxd5 Ne7 15. Bb3 a5 16. a4) 13... Nxd4 14. Bxd4 Bxd4 15. Qxd4 Nxd5 16. Bxd5 {[#]} Be6 $146 ({Predecessor:} 16... Re8 17. Rfe1 Bb7 18. Re3 c5 19. Qd2 Bxd5 20. Qxd5 Re5 21. Qd3 Qf6 22. Rd1 Re6 {½-½ (28) Stella,A (2454)-Dvirnyy,D (2560) Rome 2013}) 17. b4 Re8 18. Rfe1 Qd7 19. f3 Bxd5 20. exd5 Re7 21. Re4 Rxe4 22. fxe4 $15 {[%mdl 4096] Endgame KQR-KQR} Re8 23. Re1 Qg4 24. Re3 (24. h3 $11 Qg5 25. Re2) 24... Re5 $17 25. Qd3 Qf4 (25... Qg5 {seems wilder.} 26. Re2 Qc1+ 27. Kf2 Rg5 28. Qe3 Qd1) 26. g3 Qg5 27. Re2 h5 28. Kg2 h4 29. Qf3 hxg3 30. hxg3 Qh6 31. Qf4 Qg6 32. Re3 f6 33. Qf3 Rh5 34. Re2 Qh6 35. Kf2 ({Better is} 35. Qg4 $1 $15) 35... Rh2+ (35... Rh1 $19 {and Black stays clearly on top. ...Qc1 is the strong threat.} 36. Qg4 Qc1) 36. Kg1 Rxe2 37. Qxe2 {KQ-KQ} Qc1+ {[%mdl 64] [#] Double Attack} 38. Kg2 Qxc3 39. Qg4 Qe5 ({Much worse is} 39... Qxb4 $6 40. Qe6+ Kf8 41. Qc8+ Kf7 42. Qe6+ Kf8 43. Qc8+ Kf7 44. Qe6+ Kf8 $11) 40. Qc8+ ({White should play} 40. Qf5) 40... Kh7 41. Qh3+ Kg6 42. Qg4+ Qg5 43. Qd7 Qe5 (43... Qd2+ $142 44. Kf3 Qd3+ 45. Kf4 Qd2+ 46. Kf3 Qd3+ 47. Kf4 Qf1+ 48. Ke3 Qe1+ 49. Kf3 Qd1+ 50. Ke3 Qg1+ 51. Kf3 Qh1+ 52. Kf4 Qh6+ 53. Kf3 Qh5+ 54. Kf2 Qe5 55. Qg4+ Kh6) 44. Qg4+ Kf7 45. Qd7+ Qe7 46. Qf5 (46. Qg4 $17) 46... g6 $19 47. Qg4 Kg7 48. Kf3 f5 $2 {[#] Black cannot hold the game after this.} (48... Qe5 $17 49. Qc8 f5 50. Qxc7+ Kh6) 49. exf5 $18 Qf6 50. Qxg6+ {White mates.} Qxg6 51. fxg6 Kxg6 {KP-KP} 52. Kf4 Kf6 53. g4 Kg6 54. g5 Kg7 55. Kf5 Kf7 56. g6+ Kg7 57. Kg5 {Weighted Error Value: White=0.16/Black=0.25} 1-0

[Event "EWCCC Online Final 2020"]
[Site "Online"]
[Date "2020.12.21"]
[Round "9.4"]
[White "Lazarne Vajda, Szidonia"]
[Black "Osmak, Iulija"]
[Result "1/2-1/2"]
[WhiteElo "2345"]
[BlackElo "2438"]
[Annotator "TA"]
[PlyCount "93"]
[EventDate "2020.12.19"]
[EventType "team-tourn"]
[EventCountry "NET"]
[SourceTitle "playchess.com"]
[Source "ChessBase"]
[SourceQuality "1"]

{[%evp 10,93,2,-12,-1,-10,0,-11,-5,-10,-12,-17,-17,-17,-17,-16,-16,-11,-35,-33,4,-21,-17,-37,-40,-33,-39,-40,-40,-53,-39,-32,-30,-39,-22,-35,-43,-53,-21,-39,-22,-21,-22,-61,-61,-206,-37,-29,-29,-65,-52,-58,-58,-58,-52,-52,0,-91,-38,-43,-43,-33,0,0,0,-159,-147,-158,-158,-135,-156,-192,-138,-140,-138,-123,0,0,0,0,0,0,0,0,0,0]} 1. d4 e6 2. Nf3 Nf6 3. Bf4 d5 4. e3 Bd6 5. Bg3 O-O 6. Nbd2 c5 {D02: 1 d4 d5 2 Nf3 sidelines, including 2...Nf6 3 g3 and 2...Nf6 3 Bf4.} 7. c3 Qc7 8. Bxd6 Qxd6 9. Ne5 Nfd7 10. f4 f6 11. Nxd7 Bxd7 12. Bd3 cxd4 13. cxd4 e5 {White must now prevent ...exd4.} 14. O-O {[#]} Nc6 $146 ({Predecessor:} 14... e4 15. Be2 Nc6 16. a3 Rac8 17. Qb3 Kh8 18. Rfc1 Rc7 19. Rc5 Ne7 20. Rac1 Rfc8 21. Rxc7 Rxc7 {1-0 (44) Gascon del Nogal,J (2425)-Kovalev,V (2648) chess.com INT 2020}) 15. Nb3 e4 16. Bb1 b6 17. a3 Ne7 18. Ba2 Bb5 19. Re1 Bc4 20. Nc1 Rac8 21. Qa4 a5 {[%cal Ba7a5,Ba5a4][%mdl 32]} 22. Bxc4 Rxc4 23. Qb3 a4 24. Qd1 Rfc8 25. Na2 Qc6 26. Nc3 b5 27. Rc1 {[#]} (27. Qd2 $15) 27... Qd7 $2 ({Better is} 27... b4 $1 $19 {[%cal Rb4c3]} 28. Ne2 Rxc1 29. Qxc1 Qc2 30. Qxc2 Rxc2 31. axb4 Rxb2) 28. Qd2 Nf5 {[%cal Be7f5,Bf5d6,Bd6c4][%mdl 32]} 29. g3 Qb7 30. Ne2 Nd6 31. Nc3 Qc6 32. Na2 Qb7 (32... Qd7 $15) 33. Nb4 (33. Nc3 $11 {keeps the balance.}) 33... Kf7 (33... Rxc1 $17 34. Rxc1 Rxc1+ 35. Qxc1 Nc4) 34. Rxc4 $15 Nxc4 35. Qe2 Nd6 36. Qh5+ Kg8 37. Qxd5+ $2 (37. Nxd5 $11 Rc2 38. Rb1) 37... Qxd5 $17 38. Nxd5 $11 {[%mdl 4096] Endgame Hoping for Ne7+. KRN-KRN} Rc2 39. Rb1 Nc4 40. Nc3 {[#]} Nxa3 $1 {[%mdl 512]} 41. Ra1 $17 (41. bxa3 Rxc3) 41... Nc4 ({Don't take} 41... Rxb2 42. Nxa4 Rb1+ 43. Rxb1 $15) 42. Nxb5 Rxb2 (42... Nxe3 $17 {aiming for ...Rg2+.} 43. Nd6 Rg2+ 44. Kh1 Rxb2) 43. Rxa4 $11 {The position is equal.} Rb1+ 44. Kf2 Rb2+ (44... Nb6 $5 45. Ra5 $8 Rb2+ 46. Kg1 Rb1+ 47. Kf2 Rb2+ 48. Kg1 Rb1+ 49. Kf2 $11) 45. Kg1 Rb1+ 46. Kf2 Rb2+ (46... Nb6 $5 47. Ra5 $8 Rb2+ 48. Kg1 Rb1+ 49. Kf2 Rb2+ 50. Kg1 Rb1+ 51. Kf2 $11) 47. Kg1 {Weighted Error Value: White=0.22/Black=0.23} 1/2-1/2

[Event "EWCCC Online Final 2020"]
[Site "Online"]
[Date "2020.12.21"]
[Round "9.5"]
[White "Dzagnidze, Nana"]
[Black "Nandhidhaa, P V"]
[Result "1/2-1/2"]
[WhiteElo "2524"]
[BlackElo "2365"]
[Annotator "TA"]
[PlyCount "213"]
[EventDate "2020.12.19"]
[EventType "team-tourn"]
[EventCountry "NET"]
[SourceTitle "playchess.com"]
[Source "ChessBase"]
[SourceQuality "1"]

{[%evp 17,213,14,7,7,7,10,7,4,4,10,11,7,46,46,43,56,52,54,67,52,13,16,63,31,154,80,78,0,287,283,325,283,314,299,372,375,375,375,362,114,115,133,243,257,256,212,159,195,181,168,168,58,95,68,75,68,65,58,87,90,158,153,226,166,194,34,56,0,62,65,68,67,76,10,95,0,34,0,0,-68,-61,-616,-566,-523,-61,-61,-61,-61,-21,-16,-16,-27,-25,-41,-27,-35,-37,-30,-8,-8,-8,-8,-8,-8,-8,-8,-8,-8,0,0,0,0,0,0,0,0,0,0,0,0,0,-8,0,0,0,-75,-70,-75,-75,-75,-75,-81,-75,-75,-8,-74,-74,-74,0,-74,0,-75,-76,-76,-74,-75,-74,-77,-75,-75,-74,-74,-72,-74,-64,-61,-8,-8,-8,-8,0,-8,0,0,0,0,0,0,0,-8,0,0,0,0,0,0,0,0,0,-8,-8,-8,-8,-8,0,0,0,-8,-8,-8,0,0,0,0,0,-8,-8,-8]} 1. c4 c5 2. Nf3 b6 3. Nc3 e6 4. g3 Bb7 5. Bg2 Nf6 6. O-O d6 7. d3 Be7 8. e4 O-O 9. Ne1 Nc6 10. f4 {A17: English Opening: 1...Nf6 with ...Bb4.} Rb8 11. Nc2 a6 12. a4 {[%cal Ba2a4,Ba4a5,Ba5a6,Ba6a7][%mdl 32]} Nd4 {[#]} 13. Nxd4 $146 ({Predecessor:} 13. Ne3 Bc6 14. g4 Re8 15. g5 Nd7 16. h4 Bf8 17. f5 Ne5 18. f6 b5 19. fxg7 Bxg7 20. axb5 axb5 {½-½ (20) Hudziak,P (2190)-Frackowiak,S (2127) Polanica Zdroj 2001}) 13... cxd4 14. Ne2 b5 15. cxb5 axb5 16. a5 e5 17. Bd2 b4 18. a6 Bc6 19. a7 Ra8 20. Bxb4 Ng4 (20... Qd7 $14) 21. Qd2 (21. Qb3 $142 $1) 21... Qb6 $16 22. Rfc1 (22. Bh3 $1 $16 {[%cal Rh3g4]} Bd7 23. fxe5 Nxe5 24. Bxd7 Nxd7 25. Nf4) 22... Bb5 $2 {[%mdl 8192]} (22... Rfe8 $1 $11 {and Black is okay.}) 23. h3 $18 Ne3 24. fxe5 Nxg2 25. Kxg2 {Black must now prevent Nf4.} Bxd3 26. Qxd3 Qxb4 27. Qxd4 Qb5 28. Rc2 $2 (28. Nc3 $18 {is more deadly.} Qxb2+ 29. Qf2) 28... dxe5 $16 29. Qa4 Qb6 (29... Qd3 $16) 30. Nc3 $18 Bc5 {[%cal Ra8a7]} 31. Nd5 Qxa7 32. Qxa7 Rxa7 33. Rxa7 Bxa7 {[%mdl 4096] Endgame KRB-KRN} 34. b4 (34. Ne7+ $1 $18 Kh8 35. b4) 34... g6 35. b5 Rb8 $1 36. Rb2 {Strongly threatening b6.} Bb6 37. g4 Kg7 38. Kf3 f6 (38... h5 $142) 39. Ke2 $16 Kf7 (39... Bd4 $16 {might work better.} 40. Rb1 h5 41. gxh5 gxh5) 40. Kd3 $1 $18 Bd4 41. Rb3 $2 (41. Rb1 $18) 41... Ke6 $14 42. Kc4 (42. Ra3 $14) 42... f5 (42... Rc8+ $11 43. Kd3 f5) 43. gxf5+ gxf5 44. exf5+ Kxf5 45. Ne7+ (45. b6 $16 {And now b7 would win.} Rc8+ 46. Kb4 Bc5+ 47. Ka4 (47. Kb5 Bd6 $16)) 45... Kf4 {[#]} (45... Ke6 $11 46. Nc6 {[%mdl 64] Double Attack} Rc8) 46. Kd5 (46. Nc6 $1 $16 {[%cal Rc6b8]} Rc8 47. Kd5) 46... Rd8+ (46... Re8 $5 {[%cal Re8e7]} 47. Kd6 e4 $11) 47. Kc6 e4 {aiming for ...e3.} 48. b6 (48. Rb4 $11) 48... e3 $15 {...e2 is the strong threat.} 49. b7 $2 {[%mdl 8192]} (49. Nd5+ $15 Ke4 50. Nxe3 Bxe3 51. b7) 49... e2 $19 50. Rb1 Ba7 $2 (50... Be5 $19 51. Nd5+ Ke4 52. Rb4+ Kd3) 51. Nd5+ $1 $15 Kf3 {Hoping for ...Kf2.} 52. Nc3 $1 Re8 53. Nxe2 $1 Kxe2 $11 {KRB-KR} 54. Kd7 Rg8 55. Rb5 Kf3 56. Rh5 Rg7+ 57. Kc8 Kg2 58. b8=Q {White wants to mate with Qb2+.} Rg8+ 59. Kb7 Bxb8 60. Rxh7 {KRB-KR} Bg3 61. Kc6 {Cut Off at move 61} Rd8 62. h4 Kh3 63. h5 Bf4 64. h6 Rd6+ (64... Be5 {is interesting.} 65. Re7 Bh8 66. h7 Kg3 67. Rf7 Bb2) 65. Kc5 Rg6 (65... Re6 {keeps more tension.} 66. Rg7 Bxh6 67. Rh7 Rg6 68. Kd5 Kg4) 66. Kd5 Bxh6 (66... Rg5+ {is more complex.} 67. Ke4 Be5 68. Rd7 Bh2 69. h7 Rh5) 67. Rf7 Kg4 68. Re7 Bf4 69. Re6 Rg8 70. Re7 Rd8+ 71. Ke6 {[#]} (71. Kc4 $1 $11) 71... Rd6+ $1 $17 72. Kf7 Kf5 73. Rb7 Rh6 {( -> ...Rh7+)} 74. Rd7 Be5 75. Ke8 Bf6 ({Black should play} 75... Bd6 $17) 76. Kf7 (76. Rd6 $1 $11 {remains equal.}) 76... Rh7+ 77. Ke8 Rh6 78. Kf7 $1 Be5 79. Ke8 $1 Ke6 {[%cal Rh6h8]} 80. Re7+ Kd5 (80... Kd6 $5 {[%cal Rh6h8]} 81. Rd7+ Ke6 82. Re7+ Kd6 83. Rd7+ Ke6 $15) 81. Kf7 Rf6+ 82. Kg8 Ke4 83. Rf7 Rg6+ 84. Kf8 Bf6 85. Ke8 Ke5 86. Kd7 Rg8 (86... Kd5 $15) 87. Kc6 $11 {The position is equal.} Ke6 88. Ra7 Rc8+ 89. Rc7 Rd8 90. Kc5 Be5 91. Rc6+ Kf5 92. Kc4 Ke4 93. Rc5 Bd4 94. Rc7 Ra8 95. Rc6 Ra1 96. Re6+ Be5 97. Rc6 Rb1 98. Kc5 Bd4+ 99. Kc4 Rc1+ 100. Kb5 Rd1 101. Kc4 Be5 102. Kc5 Rc1+ 103. Kb5 Ra1 104. Kc5 Ra4 105. Kb5 Rd4 106. Rc4 Rxc4 107. Kxc4 {Never resign too early!  Weighted Error Value: White=0.42/Black=0.50} 1/2-1/2

[Event "EWCCC Online Final 2020"]
[Site "Online"]
[Date "2020.12.21"]
[Round "9.5"]
[White "Socko, Monika"]
[Black "Muminova, Nafisa"]
[Result "0-1"]
[WhiteElo "2421"]
[BlackElo "2274"]
[Annotator "TA"]
[PlyCount "80"]
[EventDate "2020.12.19"]
[EventType "team-tourn"]
[EventCountry "NET"]
[SourceTitle "playchess.com"]
[Source "ChessBase"]
[SourceQuality "1"]

{[%evp 28,80,35,34,13,39,34,20,27,26,86,4,17,6,5,24,18,0,31,28,27,25,45,38,20,43,44,58,38,41,61,0,87,0,0,0,0,-1493,-1509,-1372,-1419,-5202,-1925,-1925,0,-1684,-1643,-29991,-29992,-29995,-29996,-29996,-29997,-29997,-1597]} 1. e4 e6 2. d4 d5 3. Nd2 Nf6 4. e5 Nfd7 5. Bd3 c5 6. c3 Nc6 7. Ne2 cxd4 8. cxd4 f6 9. Nf4 Nxd4 10. Qh5+ Ke7 11. Ng6+ hxg6 12. exf6+ Nxf6 13. Qxh8 Kf7 14. O-O e5 15. Nb3 Nxb3 {C06: French Tarrasch: 3...Nf6 4 e5 Nfd7 5 Bd3 main lines.} 16. axb3 Bf5 17. Bxf5 gxf5 {The position is equal.} 18. Bg5 d4 {[#]} (18... Bc5 $11 19. Qh3 Ke6) 19. Rac1 $146 ({White should try} 19. Bxf6 $16 Kxf6 20. g4 $1 {[%mdl 512]}) ({Predecessor:} 19. Rfc1 Qd7 20. Bxf6 Kxf6 21. Ra4 Rd8 22. Rac4 Bd6 23. Qh4+ Kf7 24. h3 b5 25. Rc6 {½-½ (48) Mammadova,N (2240)-Gasimov,P (2318) Nakhchivan 2017}) 19... Bd6 $11 20. Qh3 Qd7 21. Bxf6 Kxf6 22. Rfd1 Rc8 23. Qh4+ Ke6 24. Qg5 {Strongly threatening Rxc8.} Rxc1 {[%cal Rc1d1]} 25. Qg6+ Kd5 {[%cal Rc1d1]} 26. Rxc1 {[%mdl 4096] Endgame KQR-KQB} d3 27. g4 e4 28. gxf5 Bf4 29. Rd1 (29. f6 $14 d2 30. Qh5+ g5 31. Ra1) 29... Ke5 (29... Kc5 $11 {remains equal.}) 30. h4 (30. Ra1 $1 $16) 30... Qxf5 31. Qxg7+ {[%mdl 64] Double Attack} Kd6 32. Kg2 $2 {[%mdl 8192]} (32. Qd4+ $11 Ke6 33. Qg7) 32... Be5 $19 33. Qh6+ {[#]} Kd5 $1 34. Rg1 Qf3+ 35. Kf1 Qe2+ 36. Kg2 {[#]} d2 $1 {( -> ...Qf3+)} 37. Qe3 Qg4+ {[%mdl 64] Double Attack. Black mates.} 38. Kh1 Qxh4+ 39. Kg2 Qh2+ 40. Kf1 d1=Q+ {Weighted Error Value: White=0.84/Black=0.26} 0-1

[Event "EWCCC Online Final 2020"]
[Site "Online"]
[Date "2020.12.21"]
[Round "9.5"]
[White "Tokhirjonova, Gulrukhbegim"]
[Black "Goryachkina, Aleksandra"]
[Result "0-1"]
[WhiteElo "2378"]
[BlackElo "2593"]
[Annotator "TA"]
[PlyCount "108"]
[EventDate "2020.12.19"]
[EventType "team-tourn"]
[EventCountry "NET"]
[SourceTitle "playchess.com"]
[Source "ChessBase"]
[SourceQuality "1"]

{[%evp 9,108,10,8,11,10,11,12,13,15,7,6,5,14,3,24,0,0,-20,-15,-28,-14,-14,-14,-14,-14,-25,-16,-53,-62,-86,-51,-155,-141,-164,-160,-294,-270,-815,-809,-797,-788,-749,-262,-262,-258,-222,-74,-109,-111,-102,-111,-216,-333,-467,-477,-429,-454,-450,-451,-371,-229,-196,-144,-143,-142,-437,-289,-440,-442,-5591,-5591,-5381,-5281,-5181,-3038,-3019,-1014,-1143,-1276,-1308,-1399,-1532,-1513,-2478,-2357,-29979,-29980,-29980,-29981,-29981,-29982,-29979,-29973,-29978,-29979,-29981,-29982,-29982,-29982,-29981,-29981]} 1. e4 e5 2. Nf3 Nc6 3. Bb5 Nf6 4. d3 Bc5 5. O-O Nd4 6. Be3 {C65: Ruy Lopez: Berlin Defence (3...Nf6), unusual lines and 4 0-0 Bc5.} Nxf3+ 7. Qxf3 Bxe3 8. Qxe3 {The position is equal.} O-O 9. Bc4 d6 10. Nd2 c6 11. Bb3 {[#]} Be6 $146 ({Predecessor:} 11... a5 12. a4 Be6 13. Bxe6 fxe6 14. Qe2 Qc7 15. c3 Nd7 16. g3 h6 17. Kg2 Rf7 {½-½ (103) Nakamura,H (2761)-Karjakin,S (2752) Abidjan 2019}) 12. f4 Ng4 13. Qg3 {Hoping for Bxe6.} Qb6+ 14. Kh1 {And now f5 would win.} Bxb3 15. axb3 Ne3 16. Rfc1 f5 17. fxe5 dxe5 18. h3 ({Reject} 18. Qxe5 Ng4 $19) 18... f4 19. Qf3 Rae8 20. Ra4 (20. Nc4 $15 Nxc4 21. bxc4) 20... Re6 $17 21. Nc4 Nxc4 22. Rxc4 (22. bxc4 $17 Qxb2 23. Raa1) 22... Rg6 $19 23. Rf1 $2 (23. d4 exd4 24. Rf1) 23... Rg3 24. Qf2 Qd8 $1 25. d4 Qg5 $2 (25... Qh4 26. Kh2 g5) 26. Kh2 Rf6 {Strongly threatening ...Rg6.} 27. Rc3 Re3 (27... exd4 $19 {and Black stays clearly on top.} 28. Rf3 Rg6) 28. d5 Rxe4 29. dxc6 bxc6 ({Don't play} 29... Rxc6 30. Qxa7 Rd4 31. Qxb7 $14) 30. Qxa7 {[#]} (30. Kg1 $17) 30... Re2 $1 {[%csl Ge2][%cal Rg5g2][%mdl 512]} 31. Rf2 (31. Qa8+ $142 Kf7 32. Rf2 {[%mdl 64] Decoy} Rxf2 33. Qa7+ Kg8 34. Qxf2) 31... Rxf2 32. Qxf2 {[%mdl 4096] Endgame KQR-KQR} e4 {White must now prevent ...e3.} 33. Qc5 Qxc5 34. Rxc5 {KR-KR} Re6 35. Kg1 e3 (35... g6 $19 36. Kf1 Kf7) 36. Kf1 $17 Rd6 37. c4 $2 {[%mdl 8192] This move loses the game for White.} (37. Ke1 $17 {was the only chance.}) 37... Rd1+ $19 38. Ke2 Rd2+ 39. Kf3 (39. Kf1 $142 Rf2+ 40. Kg1) 39... Rf2+ 40. Kg4 Kf7 41. Re5 Kf6 42. Re8 {[#]} g5 (42... h5+ $142 $1 {[%mdl 512]} 43. Kxh5 Rxg2 44. Rf8+ Ke5) 43. b4 Rxg2+ 44. Kf3 Rxb2 45. h4 h6 46. hxg5+ hxg5 47. Rf8+ {[#]} Ke7 $1 {Black mates.} 48. Rf5 Rf2+ 49. Kg4 e2 50. Re5+ Kd7 51. b5 cxb5 52. cxb5 f3 53. b6 Kc6 54. Re6+ Kb7 {Weighted Error Value: White=0.75/Black=0.29} 0-1

[Event "EWCCC Online Final 2020"]
[Site "Online"]
[Date "2020.12.21"]
[Round "9.5"]
[White "Dauletova, Gulmira"]
[Black "Cramling, Pia"]
[Result "1/2-1/2"]
[WhiteElo "2319"]
[BlackElo "2459"]
[Annotator "TA"]
[PlyCount "33"]
[EventDate "2020.12.19"]
[EventType "team-tourn"]
[EventCountry "NET"]
[SourceTitle "playchess.com"]
[Source "ChessBase"]
[SourceQuality "1"]

{[%evp 18,31,33,27,22,10,20,20,16,0,10,0,20,0,15,0]} 1. e4 c5 2. Nf3 Nc6 3. d4 cxd4 4. Nxd4 Nf6 5. Nc3 d6 6. f3 e5 7. Nb3 Be7 8. Be3 O-O 9. Qd2 a5 10. Bb5 Na7 {B56: Classical Sicilian: Unusual Lines.} 11. Be2 {The position is equal. 11.Bxa7 gains popularity.} Be6 12. O-O Nc6 13. Bb5 Na7 14. Be2 Nc6 15. Bb5 Na7 16. Be2 {[#] A rather calm draw.  Weighted Error Value: White=0.10/Black=0.01} {Predecessor:} Nc8 $146 17. Bb5 {½-½ (15) Carlsen,M (2840)-Grischuk,A (2737) Doha 2016} 1/2-1/2